Statystyki dla Quiz o Panamie

Kliknij tutaj aby rozwiązać quiz!

Ogólne statystyki

  • Ten quiz został rozwiązany 157 razy
  • Średni wynik to 7 z 14

Statystyki odpowiedzi

WskazówkaOdpowiedź% Poprawnych
Jaki jest język urzędowy na Panamie?Hiszpański
98%
Jakie dwa kraje graniczą z Panamą?Kolumbia
94%
Kostaryka
94%
Co Stany Zjednoczone zbudowały w Panamie w latach 1904–1914?Kanał Panamski
71%
Wymień jeden z czterech krajów,
w których na mieszkańca przypada więcej drapaczy chmur niż Panama.
Monako | Zjednoczone Emiraty Arabskie | Singapur | Katar
67%
Jaki jest sport narodowy Panamy?Baseball
47%
Który kraj próbował zbudować to samo pod koniec XIX wieku, ale się to nie udało?Francja
36%
Jakie jest słowo określające wąski pas ziemi łączący dwa większe kontynenty?Przesmyk
34%
Który hiszpański odkrywca odkrył wybrzeże Pacyfiku obu Ameryk i jest dziś
imiennikiem waluty Panamy?
Vasco Nunez
de Balboa
28%
Jaki walijski pirat splądrował Panama City w 1671 roku i jest dziś imiennikiem
znanej marki rumu?
Henry Morgan
27%
Jaki słynny skandal, ujawniony w 2015 roku,
dotyczył panamskiej firmy prawniczej, która pomogła
tysiącom zamożnych klientów ukryć swoje pieniądze?
Panama {Papers}
24%
Jaki dyktator został obalony przez Stany Zjednoczone w 1989 roku?Manuel Noriega
21%
W jakim zalesionym regionie nie ma dróg - co uniemożliwia jazdę
między Ameryką Północną a Południową?
{Darién} Gap
21%
Jaką część swojego rządu zlikwidowała Panama w 1990 roku?Wojsko
21%

Rozkład punktacji

Percentyl według liczby udzielonych odpowiedzi

Procent ludzi z każdym wynikiem

Twoja historia wyników

Nie rozwiązałeś tego quizu